书目信息 |
| 题名: |
乡村水系统规划
|
|
| 作者: | 孔亚暐 , 姜宽 著 | |
| 分册: | ||
| 出版信息: | 北京 中国建筑工业出版社 2022.04 |
|
| 页数: | 196页 | |
| 开本: | 26cm | |
| 丛书名: | 山东建筑大学建筑城规学院青年教师论丛 | |
| 单 册: | ||
| 中图分类: | TU991.64 | |
| 科图分类: | ||
| 主题词: | 农村--nong cun--节约用水--研究 | |
| 电子资源: | ||
| ISBN: | 978-7-112-26781-1 | |
| 000 | 01486nam 2200289 450 | |
| 001 | 24904 | |
| 005 | 20220918123058.73 | |
| 010 | @a978-7-112-26781-1@dCNY56.00 | |
| 100 | @a20220509d2022 em y0chiy50 ea | |
| 101 | 0 | @achi |
| 102 | @aCN@b110000 | |
| 105 | @ay a 000yy | |
| 200 | 1 | @a乡村水系统规划@Axiang cun shui xi tong gui hua@d= Rural water system planning@f孔亚暐, 姜宽, 赵子玉著@zeng |
| 210 | @a北京@c中国建筑工业出版社@d2022.04 | |
| 215 | @a196页@d26cm | |
| 225 | 2 | @a山东建筑大学建筑城规学院青年教师论丛@Ashan dong jian zhu da xue jian zhu cheng gui xue yuan qing nian jiao shi lun cong |
| 300 | @a山东省社会科学规划研究重点项目“山东乡村重构水资源循环利用的建设对策研究” ; 国家重点研发计划课题“村镇社宜居单元营造标准研究” ; 山东省优势特色学科建筑学专项经费 | |
| 320 | @a有书目 (第193-196页) | |
| 330 | @a本书通过水系统的技术连接与空间整合, 探寻乡村在既有限制因素制约下, 重塑乡村的水、养分闭合循环, 重建乡村原有的水系统空间与乡村空间同生共长的良性发展态势, 重构水系统空间有机植入下的乡村空间形态特色, 探索一条现代基础设施保障可持续发展的新型乡村建设途径, 可以完善现有的乡村人居环境理论体系, 也对我国当前生态乡村建设提供实践指导。 | |
| 410 | 0 | @12001 @a山东建筑大学建筑城规学院青年教师论丛 |
| 510 | 1 | @aRural water system planning@zeng |
| 606 | 0 | @a农村@Anong cun@x节约用水@x研究 |
| 690 | @aTU991.64@v5 | |
| 701 | 0 | @a孔亚暐@Akong ya wei@4著 |
| 701 | 0 | @a姜宽@Ajiang kuan@4著 |
| 801 | 0 | @aCN@c20220910 |
| 905 | @a河南城建学院图书馆@dTU991.64@eK780@f2 | |
| 乡村水系统规划= Rural water system planning/孔亚暐, 姜宽, 赵子玉著.-北京:中国建筑工业出版社,2022.04 |
| 196页;26cm.-(山东建筑大学建筑城规学院青年教师论丛) |
| 山东省社会科学规划研究重点项目“山东乡村重构水资源循环利用的建设对策研究” ; 国家重点研发计划课题“村镇社宜居单元营造标准研究” ; 山东省优势特色学科建筑学专项经费 |
| ISBN 978-7-112-26781-1:CNY56.00 |
| 本书通过水系统的技术连接与空间整合, 探寻乡村在既有限制因素制约下, 重塑乡村的水、养分闭合循环, 重建乡村原有的水系统空间与乡村空间同生共长的良性发展态势, 重构水系统空间有机植入下的乡村空间形态特色, 探索一条现代基础设施保障可持续发展的新型乡村建设途径, 可以完善现有的乡村人居环境理论体系, 也对我国当前生态乡村建设提供实践指导。 |
| ● |
| 相关链接 |
|
|
|
正题名:乡村水系统规划
索取号:TU991.64/K780
 
预约/预借
| 序号 | 登录号 | 条形码 | 馆藏地/架位号 | 状态 | 备注 |
| 1 | 1575423 | 215754235 | 建筑库201/201建筑库 134排2列6层/ [索取号:TU991.64/K780] | 在馆 | |
| 2 | 1575424 | 215754244 | 建筑库201/201建筑库 134排2列6层/ [索取号:TU991.64/K780] | 在馆 |